| 000 | 00699nam a22001695i 4500 | ||
|---|---|---|---|
| 001 | 54276 | ||
| 003 | ES-MaACL | ||
| 005 | 20230906162929.0 | ||
| 007 | t| | ||
| 008 | 960705s1835 sp ||||1| spa d | ||
| 100 | 1 |
_aFleix y Solans, Joaquín. _951165 |
|
| 245 | 1 | 0 |
_aMemoria en que se manifiesta la legitimidad del crédito de 40 millones de reales, que con los intereses estipulados reclama de la Real Caja de Amortización Mr. Mickel menor... y se demuestra la justicia de su solicitud / _cpor Joaquín Fleix y Solans. |
| 260 |
_aMadrid : _b[s.n.], _c1835 ( _fImp. de D. León Amarita) |
||
| 300 |
_a89, XLVI p. ; _c20 cm. |
||
| 650 | 4 |
_aCrédito- _zEspaña. _9146875 |
|
| 852 | 4 |
_aES-MaACL _jT-21-F-2 |
|
| 999 |
_c54276 _d54276 |
||